000 00552nam a22001817a 4500
003 OSt
005 20220107122823.0
008 161222b xxu||||| |||| 00| 0 eng d
040 _cIIITMK
100 _aSamuel Gregory Kurian (93615012)
_911076
245 _aComparative study on e-mail spam filtering methods using machine learning
300 _aCSIS - Mini 3rd sem
502 _bCSIS
_c2015-17
_dINT
_eDr. Sabu M Thampi
650 _aCOMPUTER SCEINCE
_911077
650 _aSAPM FILTERING
_911078
650 _aMACHINE LEARNING
_911079
942 _2ddc
_cPR
999 _c5499
_d5499